000 00660nam a2200181Ia 4500
008 100921s9999 xx 000 0 und d
082 _b23683
_a920 थ 37
100 _aMaurois Andre.
245 _aंDisraeli A Picture Of The Victorian Age.
260 _bपेंग्वीन बुक्स,ग्रेट ब्रिटन.
_c1937
300 _a280
_b---
365 _b0
520 _aललित इंग्रजी चरित्र.
630 _aंDisraeli A Picture Of The Victorian Age.
650 _aललित इंग्रजी चरित्र.
730 _aंDisraeli A Picture Of The Victorian Age.
942 _cBOOK
999 _c772796
_d772793